Mahathir : (Record no. 69)
[ view plain ]
| 000 -LEADER | |
|---|---|
| fixed length control field | nam a22 a 4500 |
| 003 - CONTROL NUMBER IDENTIFIER | |
| control field | AKMAL |
| 005 - DATE AND TIME OF LATEST TRANSACTION | |
| control field | 20170413154412.0 |
| 008 - FIXED-LENGTH DATA ELEMENTS--GENERAL INFORMATION | |
| fixed length control field | s2003 my 00 eng d |
| 020 ## - INTERNATIONAL STANDARD BOOK NUMBER | |
| International Standard Book Number | 9830371123: |
| Terms of availability | RM35.00 |
| 040 ## - CATALOGING SOURCE | |
| Original cataloging agency | AKMAL |
| 090 20 - LOCALLY ASSIGNED LC-TYPE CALL NUMBER (OCLC); LOCAL CALL NUMBER (RLIN) | |
| Classification number (OCLC) (R) ; Classification number, CALL (RLIN) (NR) | 959.5054 |
| Local cutter number (OCLC) ; Book number/undivided call number, CALL (RLIN) | MAS |
| 100 0# - MAIN ENTRY--PERSONAL NAME | |
| Personal name | Hasan Hj. Hamzah, |
| Dates associated with a name | 1957- |
| 9 (RLIN) | 214 |
| 245 10 - TITLE STATEMENT | |
| Title | Mahathir : |
| Remainder of title | wake-up call / |
| Statement of responsibility, etc. | Hasan Hamzah / |
| -- | edited by H. Johana |
| 260 ## - PUBLICATION, DISTRIBUTION, ETC. | |
| Place of publication, distribution, etc. | Shah Alam : |
| Name of publisher, distributor, etc. | Anzagain, |
| Date of publication, distribution, etc. | 2003 |
| 300 00 - PHYSICAL DESCRIPTION | |
| Extent | 152p. ; |
| Dimensions | 22cm |
| 504 ## - BIBLIOGRAPHY, ETC. NOTE | |
| Bibliography, etc. note | Includes bibliographical references |
| 599 ## - LOCAL NOTE | |
| Local Note | DALAM PROSES |
| 600 00 - SUBJECT ADDED ENTRY--PERSONAL NAME | |
| Personal name | Mahathir bin Mohamad, |
| Titles and other words associated with a name | Dato' Seri, |
| Dates associated with a name | 1925- |
| 9 (RLIN) | 5 |
| 650 #0 - SUBJECT ADDED ENTRY--TOPICAL TERM | |
| Topical term or geographic name entry element | Prime ministers |
| Geographic subdivision | Malaysia |
| Form subdivision | Biography |
| 9 (RLIN) | 47 |
| 650 #0 - SUBJECT ADDED ENTRY--TOPICAL TERM | |
| Topical term or geographic name entry element | Politicians |
| Geographic subdivision | Malaysia |
| Form subdivision | Biography |
| 9 (RLIN) | 215 |
| 651 #0 - SUBJECT ADDED ENTRY--GEOGRAPHIC NAME | |
| Geographic name | Malaysia |
| General subdivision | Politics and government |
| 9 (RLIN) | 44 |
| 700 0# - ADDED ENTRY--PERSONAL NAME | |
| Personal name | H. Johana |
| 9 (RLIN) | 216 |
| 942 ## - ADDED ENTRY ELEMENTS (KOHA) | |
| Source of classification or shelving scheme | |
| Koha item type | Book |
| Withdrawn status | Lost status | Source of classification or shelving scheme | Damaged status | Not for loan | Collection code | Home library | Current library | Shelving location | Date acquired | Inventory number | Total Checkouts | Full call number | Barcode | Date last seen | Price effective from | Koha item type |
|---|---|---|---|---|---|---|---|---|---|---|---|---|---|---|---|---|
| NON-FICTION | AKMAL Melaka | AKMAL Melaka | PINJAMAN | 13.04.2017 | 900427 | 959.5054 MAS | 201700111 | 13.04.2017 | 13.04.2017 | Book |
